Idaho County License Plate Designation - Statistics

General Stats
  • This quiz has been taken 90 times
  • The average score is 24 of 44
Answer Stats
Hint Answer % Correct
1A Ada
96%
2A Adams
78%
3B Benewah
74%
7B Bonner
70%
I Idaho
67%
2J Jerome
67%
1B Bannock
63%
2B Bear Lake
63%
2C Canyon
63%
4B Bingham
59%
5B Blaine
59%
1C Camas
59%
E Elmore
59%
1J Jefferson
59%
1L Latah
59%
6B Boise
56%
5C Clark
56%
K Kootenai
56%
3L Lewis
56%
V Valley
56%
W Washington
56%
8B Bonneville
52%
9B Boundary
52%
1F Franklin
52%
2G Gooding
52%
2L Lemhi
52%
1M Madison
52%
N Nez Percé
52%
2T Twin Falls
52%
4C Cassia
48%
6C Clearwater
48%
2F Fremont
48%
1G Gem
48%
1T Teton
48%
7C Custer
44%
S Shoshone
44%
3C Caribou
41%
2O Owyhee
41%
2M Minidoka
37%
1O Oneida
37%
1P Payette
37%
2P Power
37%
4L Lincoln
33%
10B Butte
30%
No matching quizzes found
Score Distribution
Percent of People with Each Score
Percentile by Number Answered
Your Score History
You have not taken this quiz